00429nam a2200157Ia 450000500170000000800410001704000190005804100120007708200130008910000210010224500650012326000320018830000200022065000210024085000100026120230807120335.0131103s9999 xx 000 0 und d aLoreto College aEnglish a920bNIC aNichols,Beverley aAll I Could Never Beb some recollections cBeverley Nichols aLondonbJonathan Capec1949 a348 p.b illus. aNichols,Beverley aLCLIB